| 000 | 00693nam a2200205 i 4500 | ||
|---|---|---|---|
| 001 | 15723 | ||
| 003 | ES-MaACL | ||
| 005 | 20230906151135.0 | ||
| 007 | t| | ||
| 008 | 000504s1994 sp a d |||| |dspa d | ||
| 020 | _a84-7584-256-9 | ||
| 080 | _a791.44.071.1(038) | ||
| 100 | 1 |
_aRomaguera i Ramió, Joaquim. _999205 |
|
| 245 | 1 | 0 |
_aDiccionario filmográfico universal. _n1, _pDe directores de España, Portugal y Latinoamérica / _cJoaquim Romaguera i Ramió. |
| 260 |
_aBarcelona : _bLaertes, _c[1994] |
||
| 300 |
_a1 v. (285 p. : _bil.) ; _c23 cm. |
||
| 650 | 4 |
_aDirectores de cine- _vDiccionarios. _911926 |
|
| 650 | 0 | 4 |
_aDirectores de cine- _zEspaña. _911928 |
| 852 |
_aES-MaACL _jL-23117 |
||
| 999 |
_c15723 _d15723 |
||